Sociologie politique de l'action publique (notice n° 2198801)
[ vue normale ]
| 000 -LEADER | |
|---|---|
| fixed length control field | 01407cam a2200133 4500500 |
| 005 - DATE AND TIME OF LATEST TRANSACTION | |
| control field | 20260405085606.0 |
| 041 ## - LANGUAGE CODE | |
| Language code of text/sound track or separate title | fre |
| 042 ## - AUTHENTICATION CODE | |
| Authentication code | dc |
| 100 10 - MAIN ENTRY--PERSONAL NAME | |
| Personal name | Hassenteufel, Patrick |
| Relator term | author |
| 245 00 - TITLE STATEMENT | |
| Title | Sociologie politique de l'action publique |
| 260 ## - PUBLICATION, DISTRIBUTION, ETC. | |
| Name of publisher, distributor, etc. | Armand Colin,<br/> |
| Date of publication, distribution, etc. | 2024.<br/> |
| 520 ## - SUMMARY, ETC. | |
| Summary, etc. | Avec la deuxième mondialisation, l’approfondissement de la construction européenne et les dynamiques de territorialisation, les politiques publiques ne se réduisent plus à l’action de l’État. Ces évolutions ont entraîné le développement de cadres d’analyse permettant d’appréhender les processus de construction collective de l’action publique par des acteurs multiples, en interaction à différents niveaux.Cet ouvrage présente ces approches en s’appuyant sur des études de cas empiriques portant sur des domaines variés, en France et ailleurs. Il rend compte de l’ensemble du processus de politique publique, de la construction de problèmes publics à la concrétisation de l’action publique.Cette nouvelle édition invite à s’interroger sur les transformations en cours de l’État et des politiques publiques dans le contexte des crises multiples du xxie siècle (crise financière, dérèglement climatique, crise sanitaire…). |
| 856 41 - ELECTRONIC LOCATION AND ACCESS | |
| Uniform Resource Identifier | <a href="https://shs.cairn.info/sociologie-politique-de-l-action-publique-4e-ed--9782200638375?lang=fr&redirect-ssocas=7080">https://shs.cairn.info/sociologie-politique-de-l-action-publique-4e-ed--9782200638375?lang=fr&redirect-ssocas=7080</a> |
Pas d'exemplaire disponible.




Réseaux sociaux